| 000 | 00658nam a22001937a 4500 | ||
|---|---|---|---|
| 005 | 20250926114019.0 | ||
| 010 | _aENG-146867 | ||
| 020 |
_a9789364689984 _c399.00 |
||
| 035 | _aEN-130399 | ||
| 037 | _bDBAD | ||
| 082 |
_21 _a000 |
||
| 245 | _aCUET (UG) 2025 English | ||
| 250 | _a1 | ||
| 260 |
_aUttar Pradesh _bS. Chand Publishing _c2025 |
||
| 270 |
_aD-92, Sector-2, Noida _bUttar Pradesh _e201301 _k61-120-4682700 |
||
| 300 |
_a317p. _c27cm(pb) |
||
| 500 | _a1000+ Chapterwise Solved MCQ | CUET 2024 Papers with Solutions | Mock Tests | Delhi University, JNU, BHU, Other Universities & Govt. Exams | ||
| 942 |
_2ddc _cEN _h000 _mCUE |
||
| 999 |
_c213472 _d213472 |
||